Stati del CERN - Statistics

Statistiche generali
  • Questo quiz è stato fatto 25 volte
  • Il punteggio medio è 20 su 23
Statistiche sulle risposte
Anno di adesione Stato % Corretto
1959 Austria
95%
Francia
95%
Regno Unito
95%
1961 Spagna
95%
1954 Belgio
91%
Danimarca
91%
1991 Finlandia
91%
Germania
91%
Grecia
91%
Italia
91%
Norvegia
91%
Paesi Bassi
91%
Polonia
91%
1985 Portogallo
91%
1993 Repubblica Ceca
91%
Svezia
91%
Slovacchia
86%
Svizzera
86%
1992 Ungheria
77%
2018 Serbia
73%
1999 Bulgaria
68%
2016 Romania
68%
2013 Israele
18%
Nessun quiz corrispondente trovato
Distribuzione punteggi
Percentuale di utenti per punteggio
Percentile per numero di risposta
I tuoi punteggi nel tempo
Non hai fatto questo quiz